Fakten zuordnen - Europa - Statistiken

Allgemein
  • Dieses Quiz wurde 372 mal gespielt
  • Das Durchschnittsergebnis liegt bei 22 aus 45
Antwortstatistiken
Hint Antwort % Korrekt
Bekannt für seine Strände und Gerichte wie Tortillas, Paella und Crema catalana. Spanien
79%
Das einzige Land, das die EU verließ. Vereinigtes Königreich
79%
Von hier stammen die Käsesorten Gouda und Maasdamer. Niederlande
77%
Bekannt für die Süßspeisen Sachertorte und Kaiserschmarrn. Österreich
77%
In diesem Land gibt es viele Vulkane, Geysire und Gletscher. Island
75%
Hier wurden Pommes frites erfunden. Belgien
74%
Wird auch das "Land der Dichter und Denker" genannt. Deutschland
74%
Hier liegt die sagenumwobene Region Transsilvanien. Rumänien
74%
Exportland von Schokolade, Käse und Uhren. Schweiz
74%
Liegt vollständig innerhalb der Hauptstadt eines anderen Landes. Vatikanstadt
73%
Die Wiege der Demokratie und Philosophie. Griechenland
72%
Bekannt für seine Fjorde und Fjells. Norwegen
72%
Die Wurstsorte Krakauer stammt von hier. Polen
71%
Zu diesem Land gehören auch die Azoren und Madeira. Portugal
71%
1986 ereignete sich hier die Katastrophe von Tschernobyl. Ukraine
70%
Besitzt die größte Insel der Welt. Dänemark
69%
1789 fand hier eine Revolution statt, die als ein wichtiger Schritt zur Demokratisierung Europas gilt. Frankreich
68%
Hier werden alljährlich die Nobelpreise (bis auf den Friedensnobelpreis) verliehen. Schweden
66%
In der Hauptstadt dieses Landes liegen Veitsdom, Karlsbrücke und das Tanzende Haus. Tschechien
63%
Hatte bis 2019 einen Namensstreit mit einem Nachbarland. Nordmazedonien
56%
Hier leben mehr Schafe als Menschen. Irland
55%
In seiner Landessprache heißt dieses Land "Magyarország". Ungarn
55%
Von hier kam ein Volk, das einmal das gesamte Mittelmeer beherrschte. Italien
53%
Wurde 2018 Vize-Weltmeister im Fußball. Kroatien
49%
Die wichtigsten Wirtschaftszweige des Landes sind Banken, Glücksspiel und Tourismus. Monaco
49%
Der Name dieses Landes bedeutet "Schwarzer Berg". Montenegro
49%
Hier liegen der höchste Berg, der längste Fluss und der größte See Europas. Russland
49%
Jüngster Staat Europas. Kosovo
45%
Besitzt die höchstgelegene Haupstadt des Kontinents. Andorra
40%
Hier liegt der Staat Transnistrien, der von keinem Staat auf der Welt anerkannt wird. Moldawien
40%
Das am dichtesten bewaldete Land des Kontinents. Finnland
35%
Älteste noch existierende Republik der Welt. San Marino
33%
Etwa die Hälfte der hier arbeitenden Menschen sind Pendler aus den beiden Nachbarstaaten. Liechtenstein
29%
Hier liegt der Europäische Gerichtshof. Luxemburg
28%
Bildete im 16. bis 18. Jahrhundert mit Polen zusammen eine Realunion. Litauen
27%
Die Bevölkerung des Landes besteht etwa halb aus Christen und halb aus Muslimen. Bosnien und Herzegowina
24%
Von hier stammt die Musikrichtung "Balkan Brass". Serbien
21%
Der Räuberhauptmann Juraj Jánošík gilt als Nationalheld. Slowakei
20%
Hier befinden sich die Prypjatsümpfe, das größte Sumpfgebiet Europas. Belarus
17%
Wasserärmstes Land Europas. Malta
14%
Hier befindet sich das "Tal der Rosen", das weltweit größte Anbaugebiet für Rosenblüten. Bulgarien
13%
Der Fürst Skanderbeg gilt als Nationalheld. Albanien
9%
Von hier kommen die Dainas, vier bis sechs Zeilen lange, traditionelle Gedichte. Lettland
8%
Die Pferderasse Lipizzaner kommt von hier. Slowenien
8%
Das Liederfest gilt als Meisterwerk des mündlichen und immateriellen Erbes der Menschheit. Estland
7%
Keine übereinstimmenden Quizze gefunden
Verteilung der Resultate
Anzahl Personen mit jedem Resultat
Perzentil nach korrekt beantworteten Fragen
Ihre Resultats-Entwicklung
Sie haben dieses Quiz noch nicht gespielt